000
00252nam a2200097Ia 4500
008
240331s9999 xx 000 0 und d
082
_b
MOU
100
_a
Mounaguru, S
245
0
_a
Perasiriyar Ediriweera Sarachchandravum eelathu nadaga marabum
942
_c
L
999
_c
3681
_d
3681